000 01076cam a2200277 i 4500
001 18043035
005 20241204185140.0
008 140214t20142014enka b 001 0 eng
020 _a9780415638432 (hbk)
020 _a9780415638449 (pbk)
020 _z9781317645658 (ebk)
050 0 0 _aPE2751
_b.J46 2015
082 0 0 _a427
_223
100 1 _aJenkins, Jennifer,
_d1950-
_eauthor.
245 1 0 _aGlobal Englishes :
_ba resource book for students /
_cJennifer Jenkins.
250 _aThird Edition.
300 _axvi, 280 pages :
_billustrations ;
_c26 cm.
500 _aPreviously published as: World Englishes: a resource book for students / Jennifer Jenkins, 2nd ed., 2009.
650 0 _aEnglish language
_xVariation
_zEnglish-speaking countries.
650 0 _aEnglish language
_xVariation
_zCommonwealth countries.
650 0 _aEnglish language
_xVariation
_zForeign countries.
650 0 _aEnglish language
_zEnglish-speaking countries.
650 0 _aEnglish language
_zCommonwealth countries.
650 0 _aEnglish language
_zForeign countries.
942 _2lcc
_cBK
_n0
999 _c1959
_d1959